MARC details
| 000 -CABECERA |
| campo de control de longitud fija |
01194nam a2200217 a 4500 |
| 001 - NÚMERO DE CONTROL |
| campo de control |
000004478 |
| 005 - FECHA Y HORA DE LA ÚLTIMA TRANSACCIÓN |
| campo de control |
20250829114600.0 |
| 008 - DATOS DE LONGITUD FIJA--INFORMACIÓN GENERAL |
| campo de control de longitud fija |
090723s2001 cu a r 000 0 spa d |
| 020 ## - NÚMERO INTERNACIONAL ESTÁNDAR DEL LIBRO |
| Número Internacional Estándar del Libro |
9591101724 |
| 040 ## - FUENTE DE LA CATALOGACIÓN |
| Centro catalogador/agencia de origen |
DO-SdBNP |
| Lengua de catalogación |
spa |
| Centro/agencia transcriptor |
BNPHU |
| 082 ## - NÚMERO DE LA CLASIFICACIÓN DECIMAL DEWEY |
| Número de clasificación |
232.91 |
| Número de documento/Ítem |
P853v |
| 100 1# - ENTRADA PRINCIPAL--NOMBRE DE PERSONA |
| Nombre de persona |
Portuondo Zúñiga, Olga, |
| Fechas asociadas al nombre |
1944- |
| 9 (RLIN) |
13095 |
| 245 13 - MENCIÓN DE TÍTULO |
| Título |
La Virgen de la Caridad del Cobre : |
| Resto del título |
símbolo de cubanía / |
| Mención de responsabilidad, etc. |
Olga Portuondo Zúñiga ; prólogo Jorge Ibarra. |
| 260 ## - PUBLICACIÓN, DISTRIBUCIÓN, ETC. |
| Lugar de publicación, distribución, etc. |
Santiago de Cuba : |
| Nombre del editor, distribuidor, etc. |
Oriente, |
| Fecha de publicación, distribución, etc. |
2001. |
| 300 ## - DESCRIPCIÓN FÍSICA |
| Extensión |
338 p. : |
| Otras características físicas |
il., retrs. ; |
| Dimensiones |
20 cm. |
| 504 ## - NOTA DE BIBLIOGRAFÍA, ETC. |
| Nota de bibliografía, etc. |
Bibliografía: p. 315-338. |
| 505 0# - NOTA DE CONTENIDO CON FORMATO |
| Nota de contenido con formato |
Prólogo / |
| Mención de responsabilidad |
Jorge Ibarra -- |
| Título |
Este es trabajo para el historiador -- |
| -- |
El aborigen, el colonizador y la santísima virgen (1492-1598) |
| -- |
Una ermita revela sus secretos (1599-1647) -- |
| -- |
El negrito de la Virgen (1648-1700) -- |
| -- |
La magia develada del santuario (1701-1780) -- |
| -- |
Venerada tierra de cobre (1781-1829) -- |
| -- |
La Virgen dejó las ferias... (1830-1899) -- |
| -- |
Cachita la que honra Liborio (1900-1995) -- |
| -- |
Anexos -- |
| -- |
Bibliografía. |
| 600 04 - PUNTO DE ACCESO ADICIONAL DE MATERIA--NOMBRE DE PERSONA |
| Nombre de persona |
VIRGEN DE LA CARIDAD DEL COBRE |
| Subdivisión general |
CULTO |
| Subdivisión geográfica |
CUBA |
| Subdivisión general |
HISTORIA |
| 9 (RLIN) |
13096 |
| 600 04 - PUNTO DE ACCESO ADICIONAL DE MATERIA--NOMBRE DE PERSONA |
| Nombre de persona |
VIRGEN MARÍA |
| Subdivisión general |
CULTO |
| Subdivisión geográfica |
CUBA |
| 9 (RLIN) |
13097 |
| 910 ## - DATOS DE OPCIÓN DEL USUARIO (OCLC) |
| Datos de opción del usuario |
Validado. Control de calidad EMS |